| 000 | 00721cam a22002291 4500 | ||
|---|---|---|---|
| 001 | g 01001459 | ||
| 003 | DLC | ||
| 005 | 20260227111255.0 | ||
| 008 | 821217s1878 gw 000 0 ger | ||
| 010 | _ag 01001459 | ||
| 035 | _a(OCoLC)29095185 | ||
| 040 |
_aDLC _cMnU _dDLC |
||
| 042 | _apremarc | ||
| 043 | _ae-gx--- | ||
| 050 | 0 | 0 |
_aHB41 _b.S7 bd. 1, heft 5 |
| 100 | 1 |
_aMichaelis, Richard, _d1856- |
|
| 245 | 1 | 4 | _aDie gliederung der gesellschaft nach dem wohlstande, auf grund der neuren amtlichen deutschen einkommens- und wohnungsstatistik. |
| 260 |
_aLeipzig, _bDuncker & Humblot, _c1878. |
||
| 300 |
_avii p., 1 l., 134 p. _c23 cm. |
||
| 651 | 0 |
_aGermany _xEconomic conditions. |
|
| 650 | 0 |
_aIncome _zGermany. |
|
| 999 |
_c23748 _d23748 |
||